Pomôcky pre rozvoj jemnej motoriky

Salvato in:
Dettagli Bibliografici
Autore principale: Krnčanová, Lucia (Autore)
Altri autori: Paliatka, Peter (Relatore della tesi)
Natura: Manoscritto Libro
Lingua:slovacco
Pubblicazione: 2025
Soggetti:
Accesso online:http://is.stuba.sk/zp/portal_zp.pl?podrobnosti=185761
Tags: Aggiungi Tag
Nessun Tag, puoi essere il primo ad aggiungerne!!

MARC

LEADER 00000ntm a22000003a 4500
001 stuzp105196
003 SK-STU
005 20250607211251.1
007 ta
008 150427s2015----xo-----f-mn---000-0-slo-d
040 |a STU  |b slo 
041 0 |a slo 
100 1 |a Krnčanová, Lucia  |u 059190  |4 aut  |U FAD Fakulta architektúry a dizajnu  |T FAD Ústav dizajnu  |X 103618  |U A9190  |Y 400  |7 103618 
242 0 1 |a Aids for cognitive and fine motor skills improvement  |y eng 
245 1 0 |a Pomôcky pre rozvoj jemnej motoriky 
260 |c 2025 
650 4 |a collaboration  |2 eng 
650 4 |a cognitive functions  |2 eng 
650 4 |a fine motor skills  |2 eng 
650 4 |a seniors  |2 eng 
650 4 |a therapeutic tool  |2 eng 
650 4 |a terapeutická pomôcka  |2 slo 
650 4 |a jemná motorika  |2 slo 
650 4 |a seniori  |2 slo 
650 4 |a spolupráca  |2 slo 
650 4 |a kognitívne funkcie  |2 slo 
700 1 |a Paliatka, Peter  |4 ths  |X 332  |7 A000000332 
856 4 |u http://is.stuba.sk/zp/portal_zp.pl?podrobnosti=185761